LIBRARY & INFORMATION CENTRE, KCAET, TAVANUR

ONLINE PUBLIC ACCESS CATALOGUE (OPAC)

Fluid mechanics through problems / (Record no. 7393)

MARC details
000 -LEADER
fixed length control field 00515cam a2200205ua 4500
020 ## - INTERNATIONAL STANDARD BOOK NUMBER
ISBN 81-224-1131-2
041 ## - LANGUAGE CODE
Language code of text/sound track or separate title eng
082 ## - DEWEY DECIMAL CLASSIFICATION NUMBER
Classification number 532
Item number GAR/FL
100 ## - MAIN ENTRY--AUTHOR NAME
Personal name Garde, R J .
245 ## - TITLE STATEMENT
Title Fluid mechanics through problems /
250 ## - EDITION STATEMENT
Edition statement 2 /
260 ## - PUBLICATION, DISTRIBUTION, ETC. (IMPRINT)
Place of publication New Delhi :
Name of publisher New Age International Ltd ,
Year of publication 1997.
300 ## - PHYSICAL DESCRIPTION
Number of Pages 632 ; .
500 ## - GENERAL NOTE
General note 20320 CSS
942 ## - ADDED ENTRY ELEMENTS (KOHA)
Koha item type Books
Holdings
Withdrawn status Lost status Damaged status Home library Current library Date acquired Full call number Accession Number Koha item type
      KAUAET KAUAET 07/04/2012 532 GAR/FL 19970 Books
      KAUAET KAUAET 07/04/2012 532 GAR/FL 20320 Books
free website counter